000 01240nam a2200325 a 4500
001 000116151
003 CHAP
005 20220329144603.0
008 190920s2019 mx a |sm |||||||spa d
010 _a112612
011 _a113584
040 _cCHAP
090 _aTesis
100 1 _aMiguel Dávalos, Diana Rosa.
_9136896
245 1 0 _aPropuestas para el manejo de residuos sólidos, en la cabecera municipal de Yecapixtla, Morelos
_h[En línea]
_cpor Diana Rosa Miguel Dávalos.
260 _aChapingo, Méx. :
_bEl autor,
_c2019.
500 _aPara ver el contenido del material haga clic en la liga
502 _aTesis (Ing. en Recursos Naturales Renovables) -- UACH. Departamento de Enseñanza, Investigación y Servisio en Suelo
590 _aBATCH-UPD
_b05
_c20190920
_lUCH01
_h1509
590 _aE6339RRR
_b05
_c20190920
_lUCH01
_h1508
590 _aE6339RRR
_b05
_c20190920
_lUCH01
_h1510
650 1 4 _aBasuras
_xAspectos ambientales.
_9131491
650 1 4 _aEducación ambiental.
_935556
650 1 4 _aMedio ambiente
_xContaminación.
_974069
650 1 4 _aResiduos sólidos
_xControl.
_9132274
856 _aFinding aid
_uhttp://10.13.5.2/tesis/sist116151.pdf
_zTeclea aquí
901 _aBK
942 _cTESIS
942 _n0
999 _c112612
_d112612